Landen via Foto n°4 - Statistieken

Algemene statistieken
  • Deze quiz is 3.449 keer genomen
  • De gemiddelde score is 7 van 15
Antwoordstatistieken
Foto Antwoord % Correct
Griekenland
98%
Noord-Korea
94%
Italië
91%
Nepal
68%
China
61%
België
59%
Marokko
55%
Portugal
35%
Soedan
32%
Myanmar
29%
Mexico
22%
Monaco
21%
Mali
19%
Pakistan
18%
Sri Lanka
13%
Geen overeenkomende quizzen gevonden
Scoreverdeling
Procent van Mensen met Elke Score
Percentiel versus Aantal Correcte Antwoorden
Uw Scoregeschiedenis
U heeft deze quiz nog niet genomen